STN EN 12864: 2004 (06 1821) [neplatná], Nízkotlakové neprestaviteľné regulátory tlaku plynu s maximálnym výstupným tlakom do 200 mbar vrátane, s prietokom do 4 kg/h vrátane, určené pre bután, propán alebo ich zmesi s pridruženými zabezpečovacími zariadeniami
Norma je slovenskou verziou EN 12864: 2001
| Other Authors: | , |
|---|---|
| Format: | Book |
| Language: | Slovak English |
| PhysicalDescription: | 96 s. obr., tab. 30 cm |
| Published: |
Bratislava
Slovenský ústav technickej normalizácie
2004
|
| Subjects: |
MARC
| LEADER | 00000nam a2200000 a 4500 | ||
|---|---|---|---|
| 001 | vtls001476208 | ||
| 003 | SK-MaSNL | ||
| 005 | 20260302085402.0 | ||
| 008 | 130607s2004 xo a f u 0 slo | ||
| 035 | |a SNK000431509 | ||
| 040 | |a SNK |b slo |c SNK |e AACR2 | ||
| 041 | 1 | |a slo |h eng | |
| 044 | |a xo |c SK | ||
| 046 | |a s |m 200406 (účin.) |n 20151231 (zruš.) | ||
| 080 | |a 662.76.032 |2 2001 | ||
| 080 | |a 006.7/.8 |2 2001 | ||
| 080 | |a (437.6) |2 2001 | ||
| 080 | |a (4) |2 2001 | ||
| 084 | |a 23.060.40 |2 ICS | ||
| 130 | 0 | |a STN 06 1821 (STN EN 12864) [neplatná] |9 755623 | |
| 245 | 1 | 0 | |a STN EN 12864: 2004 (06 1821) [neplatná], Nízkotlakové neprestaviteľné regulátory tlaku plynu s maximálnym výstupným tlakom do 200 mbar vrátane, s prietokom do 4 kg/h vrátane, určené pre bután, propán alebo ich zmesi s pridruženými zabezpečovacími zariadeniami |
| 246 | 1 | 0 | |a Nízkotlakové neprestaviteľné regulátory tlaku plynu s maximálnym výstupným tlakom do 200 mbar vrátane, s prietokom do 4 kg/h vrátane, určené pre bután, propán alebo ich zmesi s pridruženými zabezpečovacími zariadeniami |
| 260 | |a Bratislava |b Slovenský ústav technickej normalizácie |c 2004 | ||
| 300 | |a 96 s. |b obr., tab. |c 30 cm | ||
| 500 | |a Táto norma nahrádza anglické znenie STN EN 12864 z januára 2004 v celom rozsahu | ||
| 500 | |a Norma je nahradená spolu s normami STN EN 13785+A1 z augusta 2009 a STM EM 13786+A1 z augusta 2009 normou STN EN 16129 z novembra 2013 v celom rozsahu | ||
| 500 | |a Spracovateľ: Technický skúšobný ústav Piešťany, Rudolf Rypák, Štefan Sulík | ||
| 520 | 8 | |a Norma je slovenskou verziou EN 12864: 2001 | |
| 650 | 0 | 7 | |a nízkotlakové regulátory plynu |2 SVKBBPH |9 755624 |
| 650 | 0 | 7 | |a technické normy a štandardy |z Slovensko |2 SVKBBPH |9 79594 |
| 650 | 0 | 7 | |a technické normy a štandardy |z krajiny Európskej únie |2 SVKBBPH |9 289341 |
| 655 | 7 | |a normy |2 SNK |9 70643 | |
| 700 | 1 | |a Rypák, Rudolf |4 trl |9 303044 | |
| 700 | 1 | |a Sulík, Štefan |4 trl |9 306759 | |
| 774 | 1 | 8 | |t STN EN 12864/A2: 2006 |d Bratislava : Slovenský ústav technickej normalizácie, 2006 |w vtls000303514 |
| 774 | 1 | 8 | |t STN EN 12864/A3: 2010 |d Bratislava: Slovenský ústav technickej normalizácie, 2010 |w vtls010061419 |
| 774 | 1 | 8 | |t STN EN 16129: 2013 |d Bratislava: Slovenský ústav technickej normalizácie, 2013 |w vtls010557327 |
| 958 | |a OP | ||
| 999 | |c 1191921 |d 1193851 | ||
| 952 | |t P66, <07>, [BOOK], {667} |a SNK |b SNK |y PREZ |7 0 |p 17A0449522 |o snkSTN EN 12864/A1 D1 |i snkN 4591/2004 |z Zmena A1 |0 0 |1 0 |4 0 |d 2004-11-03 |l 0 |r 2005-01-02 00:00:00 |w 2026-02-24 | ||
| 952 | |t P60, <03>, [BOOK], {603} |a SNK |b SNK |y PREZ |7 0 |p 17A0432011 |o snkSTN EN 12864 |i snkN 2463/2004 |0 0 |1 0 |4 0 |d 2004-06-07 |l 0 |r 2005-01-02 00:00:00 |w 2026-02-24 | ||
| 952 | |t P60, <03>, [BOOK], {603} |a SNK |b SNK |y PREZ |7 0 |p 17A0449521 |o snkSTN EN 12864/A1 |i snkN 4590/2004 |z Zmena A1 |0 0 |1 0 |4 0 |d 2004-11-03 |l 0 |r 2005-01-02 00:00:00 |w 2026-02-24 | ||
| 952 | |t P66, <07>, [BOOK], {667} |a SNK |b SNK |y PREZ |7 0 |p 17A0432012 |o snkSTN EN 12864 D1 |i snkN 2464/2004 |0 0 |1 0 |4 0 |d 2004-06-07 |l 0 |r 2005-01-02 00:00:00 |w 2026-02-24 | ||


